Re-imagining the past : antiquity and modern Greek culture
Αποθηκεύτηκε σε:
| Άλλοι συγγραφείς: | |
|---|---|
| Μορφή: | Βιβλίο |
| Γλώσσα: | English |
| Δημοσίευση: |
Oxford :
Oxford University Press,
2014.
|
| Σειρά: | Classical presences
|
| Θέματα: | |
| Ετικέτες: |
Προσθήκη ετικέτας
Δεν υπάρχουν, Καταχωρήστε ετικέτα πρώτοι!
|
MARC
| LEADER | 00000cam a2200000 a 4500 | ||
|---|---|---|---|
| 001 | 1/108033 | ||
| 008 | 150820s2014####enk| ||| |||| ||eng|| | ||
| 020 | |a 9780199672752 |q (χαρτόδετο) | ||
| 040 | |a GR-MyUa |b gre |c GR-MyUa |e AACR2 | ||
| 041 | 0 | |a eng | |
| 082 | 7 | |a 938 |2 (23) | |
| 245 | 0 | 0 | |a Re-imagining the past : |b antiquity and modern Greek culture / |c επιμέλεια Dimitris Tziovas. |
| 260 | |a Oxford : |b Oxford University Press, |c 2014. | ||
| 300 | |a xvii, 420 σ. : |b εικ. ; |c 22 εκ. | ||
| 490 | 1 | |a (Classical presences) | |
| 504 | |a Περιλαμβάνει βιβλιογραφικές παραπομπές και ευρετήριο. | ||
| 651 | 0 | |a Greece |x Historiography. | |
| 651 | 0 | |a Greece |x Civilization. | |
| 651 | 0 | |a Greece |x History. | |
| 700 | 1 | |a Τζιόβας, Δημήτρης, |d 1957- |e edt | |
| 830 | 0 | |a Classical presences | |
| 852 | |a INST |b LESVOS |e 20191121 |h 938 REI |p 005100062965 |q 005100062965 |t BK |y 0 | ||
| 852 | |a INST |b RHODES |e 20150820 |h 938 REI |p 005400037928 |q 005400037928 |t BK |y 0 | ||
| 852 | |a INST |b RHODES |e 20160829 |h 938 REI |p 005400038673 |q 005400038673 |t BK |y 0 | ||
| 922 | |a 4ΕΛΗ |b 2016/05 |c ΤΑΚ/ΠΤΔΕ |d ΔΙΑΔΡΟΜΕΣ | ||
| 922 | |a 4ΕΛΗ |b 2015/04 |c ΤΑΚ/ΠΤΔΕ |d ΔΙΑΔΡΟΜΕΣ | ||
| 970 | |z 20-08-2015 | ||